00367nam a2200133Ia 4500008004100000041001200041082001600053100001700069245007500086260003400161300000800195650001200203700001800215221030s9999 xx 000 0 und d aEnglish a105.23bDug aB. D. Duggal 0aFundamentals of Electricity & Magetismcby B. D. Duggal, C. L. Chhabra bShoban Lal NaginaDelhic2001 a470 aPhysics aC. L. Chhabra